000 01013nas a2200337 4500
001 BR2012008461
003 BR-BrBNA
005 20231205121452.0
007 ta
008 230509b bl.|||p| |||| 00| 00por d
040 _aBR-BrBNA
_bpor
_cBiblioteca Nacional de Agricultura
041 _a(Pt)
072 _aU10; L52
100 1 _aTeixeira, B.B.
100 1 _aEuclydes, R.F.
100 1 _aTeixeira, R.B.
100 1 _aSilva, L.P. da
100 1 _aTorres, R. de A.
100 1 _aLehner, H.G.
100 1 _aCaetano, G. da C.
100 1 _aCrispim, A.C.
245 1 _aModelos de regressão aleatória para avaliação da curva de crescimento em matrizes de codorna de corte
650 _aCODORNA
650 _aMATRIZ
650 _aCURVA DE CRESCIMENTO
650 _aGENÉTICA ANIMAL
650 _aREGRESSÃO LINEAR
773 0 _tCiência Rural (Brazil)
_xISSN 0103-8478
_g(Sep 2012), v. 42(9) p. 1641-1647
_wBR2012008461
909 _a202311
_bLúcia
_c55
_dLúcia Elande
942 _2AGRIS
_n0
_cANA
999 _c223723
_d223723